LDR 00910naa#a2200169#i#450# 001 RU\FGKOU VO SPBU MVD ROSSII\bibl\124747 005 20260703211141.5 011 ## _a2227-7226 100 ## _a20260630b2026####ek#y0rusy0150####ca 102 ## _aRU 200 1# _aПравомерный вред при оперативном внедрении: от межотраслевой коллизии к законодательному решению _eЖурнальная статья 210 1# _aСанкт-Петербург _cСАНКТ-ПЕТЕРБУРГСКИЙ УНИВЕРСИТЕТ МИНИСТЕРСТВА ВНУТРЕННИХ ДЕЛ РОССИЙСКОЙ ФЕДЕРАЦИИ _d2026 215 ## _a6 с. 608 ## _aЖурнальная статья _2local 700 #1 _aПопов _gСергей Викторович 700 #1 _aКайргалиев _gДанияр Вулкаиревич 856 4# _arussianjournaldeviantbehavior.ru _u